000 00770nam a22002177a 4500
003 UA-OsUOA
001 37667
007 ta
008 20070427b un ||||| |||| 00| 0 ukr d
090 _a82-94
_bС79
942 _cBK
040 _aUA-OsUOA
_bukr
_cUA-OsUOA
_dUA-OsUOA
245 _aСтепан Бандера та його родина в народних піснях, переказах та спогадах
_bЗаписи та упорядкування Григорія Дем'яна
300 _a566 с.
955 _a1
041 _aukr
080 _a82-94
260 _aЛьвів
_bІнститут народознавства НАН України
_c2006
650 7 _a82 Література. Літературознавство
_2UDC
999 _c436194
_d436194